00457nam a22001337a 4500003000500000038001800005082000800023100002400031245011900055264003300174650002800207700003000235856005800265NUST aNusrat Nadeem a200 aLodhi, Annam Khawer aGendered Cyber Harassment Against Women in Pakistan on Twitter (X) – A Mixed Method Study/cAnnam Khawer Lodhi,  aIslamabad:bS3H NUST.c2025. aMS-Development Studies  aSupervisor: Dr. Ume Laila u http://10.250.8.41:8080/xmlui/handle/123456789/53833